Word Ladder: Mystery Deck Activity Quiz Stats

 Plays Quiz Updated Aug 8, 2016

Challenge
Share
Tweet
Embed
Score 0/18 Timer 03:00
2 Plays Today
♤ Hint ♡ ♢ 4-Letter Word ♧ % Correct
Beach surfaceSAND
99.1%
What you call a dealt set of cards in pokerHAND
97.6%
Garment worn beneath a shoeSOCK
97.5%
An open-handed strike♥ SLAP ♥
96.8%
Durable, firmHARD
96.7%
To marinate or batheSOAK
96%
Pink-colored notice of unemploymentSLIP
95.7%
High school or college athleteJOCK
95.7%
Ace of hearts, for one♥ CARD ♦
95.4%
♤ Hint ♡ ♢ 4-Letter Word ♧ % Correct
A grouping of caninesPACK
95.2%
Cleaning substanceSOAP
95%
Actor Black or musician White, e.g. ♥ JACK ♥
94.9%
Enunciated a verbal declarationSAID
94.3%
___, set, match♠ GAME ♣
94.1%
Rate of movementPACE
93.2%
Glided along a declineSLID
93.1%
What a King and Queen have, but not a 2 or AceFACE
92.9%
Warhol's 15 minutesFAME
92.7%

Today's Daily Dose

You're not logged in!

Compare scores with friends on all Sporcle quizzes.
Join for Free
OR
Log In

You Might Also Like...

Show Comments

Extras

Top Quizzes Today


Score Distribution

Your Account Isn't Verified!

In order to create a playlist on Sporcle, you need to verify the email address you used during registration. Go to your Sporcle Settings to finish the process.

Report this User

Report this user for behavior that violates our Community Guidelines.

Details: